000 01660 a2200349 4500
999 _c181284
_d181284
005 20210907124415.0
010 _aENG-129884- 93
020 _c2950.00 (V.I)
_a978-93-8999-127-7
020 _c2950.00(V.II)
_a978-93-8999-131-4
020 _c2950.00(V.III)
_a978-93-8999-132-1
020 _c2950.00(V.IV)
_a978-93-8999-133-8
020 _c2950.00(V.V)
_a978-93-8999-136-9
020 _c2950.00(V.VI)
_a978-93-8999-138-3
020 _c2950.00(V.VII)
_a978-93-8999-139-0
020 _c2950.00(V.VIII)
_a978-93-8999-142-0
020 _c2950.00(V.IX)
_a978-93-8999-141-3
020 _c2950.00 (V.X)
_a978938999-141-3
035 _aEN-113416-25
037 _bDBAD / PUB
082 1 4 _a343.54052
100 1 _aChaturvedi,K
245 1 _aIncome tax law:
_cby K Chaturvedi,S.M. Pithisaria
250 _a7th (Golden jubilee)
260 _aGurgaon
_bLexisNexis
_c2020
270 _a14th floor,building no-10,tower-B,DLF cyber city,phase-II
_bGurgaon
_cHaryana
_e122002
_k911244774444
_l91 1244774100
_mhelp.in@lexisnexis.com
300 _avarious pages (vol.1-10)
_c25cm(hbk)
_bincluding contents table of cases,stop press and general index
500 _aVol.1(Section 1 to 10) Vol.2(section 10A to 35E) Vol.3(section 36 to 50D) Vol.4(section 51 to 80LA) Vol.5(section 80M to138) Vol.6(section 139-158-B1) Vol.7(section159-219) Vol.8 (section 220-260B) Vol.9(Section 261-290) Vol.10 (section 291-298,Schedules along with IT rules,1962 and Direct tax vivad se vishwas Act and rules,2020)
700 _aPithisaria,S.M
700 _aPithisaria,M.K
700 _aPithisaria,Mukesh
942 _adpl
_cEN
_2ddc
_h343.54052
_mCHA